[Event "Berlin-ch Seniors op 37th"]
[Site "Berlin"]
[Date "2021.06.12"]
[Round "5"]
[White "Bartonek, Rolf"]
[Black "Schoenfeld, Anke"]
[Result "1-0"]
[WhiteElo "1783"]
[BlackElo "1570"]
[PlyCount "95"]
[EventDate "2021.06.08"]
[EventType "swiss"]
[EventRounds "9"]
[EventCountry "GER"]
[SourceTitle "EXT 2022"]
[Source "ChessBase"]
[SourceDate "2021.10.06"]
[SourceVersion "1"]
[SourceVersionDate "2021.10.06"]
[SourceQuality "1"]

1. e4 e5 2. Nf3 Nc6 3. Bc4 Be7 4. 0-0 Nf6 5. Nc3 d6 6. h3 a6 7. a4 0-0 8. d3 Be6 9. Bxe6 fxe6 10. Be3 h6 11. d4 exd4 12. Nxd4 Nxd4 13. Bxd4 e5 14. Be3 Qe8 15. Nd5 Rc8 16. Nxf6+ Bxf6 17. Qd5+ Kh8 18. Qxb7 Qg6 19. b3 c6 20. Qxa6 Qxe4 21. Qd3 Qxd3 22. cxd3 Rb8 23. Rab1 Rb4 24. Rfc1 c5 25. Rc4 Rb7 26. b4 cxb4 27. Rcxb4 Rxb4 28. Rxb4 Ra8 29. Bb6 Kg8 30. Bc7 d5 31. Rb8+ Rxb8 32. Bxb8 Bd8 33. Bxe5 Ba5 34. Kf1 Kf7 35. Ke2 g6 36. f4 Ke6 37. d4 Kf5 38. Kd3 g5 39. g4+ Kg6 40. f5+ Kf7 41. Bd6 Ke8 42. Kc2 Kf7 43. Kb3 Bb6 44. Bc5 Ba5 45. Bb4 Bb6 46. Kc3 Ke8 47. a5 Bc7 48. a6 1-0

[Event "Berlin-ch Seniors op 37th"]
[Site "Berlin"]
[Date "2021.06.09"]
[Round "2"]
[White "Gaertner, Michael"]
[Black "Bartonek, Rolf"]
[Result "0-1"]
[WhiteElo "1686"]
[BlackElo "1783"]
[PlyCount "92"]
[EventDate "2021.06.08"]
[EventType "swiss"]
[EventRounds "9"]
[EventCountry "GER"]
[SourceTitle "EXT 2022"]
[Source "ChessBase"]
[SourceDate "2021.10.06"]
[SourceVersion "1"]
[SourceVersionDate "2021.10.06"]
[SourceQuality "1"]

1. e4 e5 2. Nf3 Nc6 3. Nc3 d6 4. Bb5 Bd7 5. 0-0 Be7 6. Nd5 a6 7. Ba4 Nf6 8. Nxe7 Qxe7 9. d3 h6 10. c3 0-0 11. Be3 Ng4 12. Qd2 Nxe3 13. fxe3 f5 14. exf5 Rxf5 15. Rf2 Raf8 16. Raf1 R5f6 17. e4 g5 18. Qe3 Kg7 19. h3 Qe8 20. Bb3 Qg6 21. Nh2 Rf4 22. g3 Rxf2 23. Rxf2 Rxf2 24. Qxf2 Be6 25. g4 Bxb3 26. axb3 Qe6 27. b4 Ne7 28. Nf1 Ng6 29. Ne3 Nf4 30. Nf5+ Kh7 31. Qf1 Qb3 32. Ne3 Qxb2 33. Nd5 Ne2+ 34. Kg2 Nxc3+ 35. Kh1 Qb1 36. Qxb1 Nxb1 37. Nxc7 Nc3 38. Kg2 Kg6 39. Kf3 Kf7 40. Na8 Na4 41. Nc7 Nb6 42. Nd5 Nxd5 43. exd5 b6 44. Ke3 Kf6 45. d4 exd4+ 46. Kxd4 a5 0-1

[Event "Berlin-ch Seniors op 34th"]
[Site "Berlin"]
[Date "2018.02.05"]
[Round "6"]
[White "Bartonek, Rolf"]
[Black "Klevenow, Ursula"]
[Result "1-0"]
[WhiteElo "1765"]
[BlackElo "1634"]
[PlyCount "113"]
[EventDate "2018.01.30"]
[EventType "swiss"]
[EventRounds "9"]
[EventCountry "GER"]
[SourceTitle "EXT 2020"]
[Source "ChessBase"]
[SourceDate "2019.10.17"]
[SourceVersion "1"]
[SourceVersionDate "2019.10.17"]
[SourceQuality "1"]

1. e4 e6 2. d4 d5 3. Nd2 Nf6 4. e5 Nfd7 5. Ngf3 c5 6. c3 Nc6 7. Bd3 Qb6 8. 0-0 Be7 9. Re1 cxd4 10. cxd4 Nxd4 11. Nxd4 Qxd4 12. Nb3 Qb6 13. Qg4 g6 14. Bh6 Qb4 15. Qxb4 Bxb4 16. Re2 Bf8 17. Bxf8 Rxf8 18. Rc1 a6 19. Rec2 Kd8 20. f4 f6 21. exf6 Rxf6 22. g3 e5 23. fxe5 Nxe5 24. Bf1 Nc6 25. Bg2 Rd6 26. Rd2 Ne7 27. Nc5 b6 28. Ne4 Rd7 29. Nf6 Rd6 30. Nxh7 Ra7 31. Ng5 Bf5 32. Nf7+ Kd7 33. Nxd6 Kxd6 34. Kf2 Be6 35. h3 Nc6 36. g4 Rf7+ 37. Kg3 g5 38. a3 Rf4 39. Rcd1 Ne7 40. b4 b5 41. Rd3 Rc4 42. Kf3 Ng6 43. Kg3 Nf4 44. Rf3 Rc2 45. Bf1 Rc7 46. h4 Ng6 47. hxg5 Ne5 48. Rf6 Rc3+ 49. Kh4 Rc2 50. Bh3 Rc7 51. g6 Rc8 52. g7 Ke7 53. g5 Bxh3 54. Kxh3 Rc3+ 55. Kg2 Rc2+ 56. Kf1 Rc8 57. Re1 1-0

[Event "Berlin-ch Seniors op 33rd"]
[Site "Berlin"]
[Date "2017.02.03"]
[Round "4"]
[White "Koeckeritz, Dieter"]
[Black "Bartonek, Rolf"]
[Result "0-1"]
[WhiteElo "1647"]
[BlackElo "1789"]
[PlyCount "78"]
[EventDate "2017.01.31"]
[EventType "swiss"]
[EventRounds "9"]
[EventCountry "GER"]
[SourceTitle "EXT 2019"]
[Source "ChessBase"]
[SourceDate "2018.10.10"]
[SourceVersion "1"]
[SourceVersionDate "2018.10.10"]
[SourceQuality "1"]

1. d4 d5 2. c4 c5 3. Nf3 dxc4 4. d5 e6 5. Nc3 a6 6. e4 b5 7. a3 Bb7 8. Bf4 Bd6 9. e5 Bc7 10. d6 Bb6 11. Be2 Nd7 12. 0-0 f6 13. Qc2 fxe5 14. Nxe5 Nxe5 15. Bxe5 Qg5 16. d7+ Kd8 17. Bg3 Nf6 18. Qd1 Bc7 19. Bf3 Nd5 20. Ne4 Qe7 21. Bxc7+ Kxc7 22. Qe1 Rad8 23. Nc3 Rxd7 24. Qe5+ Qd6 25. Qe1 Nxc3 26. Bxb7 Kxb7 27. Qxc3 Rhd8 28. h3 Qd3 29. Qe5 Qd4 30. Qxe6 Qxb2 31. a4 Qf6 32. Qg4 Qc6 33. axb5 axb5 34. Rfb1 Ra8 35. Rxa8 Kxa8 36. Ra1+ Kb7 37. Rb1 c3 38. Qc4 b4 39. Qxc3 Rd1+ 0-1

[Event "Berlin-ch Seniors op 32nd"]
[Site "Berlin"]
[Date "2016.02.01"]
[Round "6"]
[White "Olschewsky, Roman"]
[Black "Bartonek, Rolf"]
[Result "1/2-1/2"]
[WhiteElo "1693"]
[BlackElo "1920"]
[PlyCount "54"]
[EventDate "2016.01.26"]
[EventType "swiss"]
[EventRounds "9"]
[EventCountry "GER"]
[SourceTitle "EXT 2019"]
[Source "ChessBase"]
[SourceDate "2018.10.10"]
[SourceVersion "1"]
[SourceVersionDate "2018.10.10"]
[SourceQuality "1"]

1. c4 e5 2. Nc3 Nf6 3. g3 Nc6 4. Bg2 d6 5. d3 Be7 6. e3 a6 7. Nge2 0-0 8. 0-0 Be6 9. f3 d5 10. cxd5 Nxd5 11. Nxd5 Bxd5 12. d4 exd4 13. Nxd4 Nxd4 14. Qxd4 Bc6 15. Qc3 Bf6 16. Qc2 Qe7 17. e4 Bd4+ 18. Kh1 Rfd8 19. Bf4 Be5 20. Bxe5 Qxe5 21. b3 Rd7 22. Rad1 Rad8 23. Rxd7 Rxd7 24. Rd1 Qa5 25. a4 Qb4 26. h4 Rxd1+ 27. Qxd1 Qd6 1/2-1/2

[Event "Berlin-ch Seniors op 31st"]
[Site "Berlin"]
[Date "2015.02.03"]
[Round "5"]
[White "Kolkwitz, Klaus"]
[Black "Bartonek, Rolf"]
[Result "1-0"]
[WhiteElo "1681"]
[BlackElo "1490"]
[PlyCount "107"]
[EventDate "2015.01.29"]
[EventType "swiss"]
[EventRounds "9"]
[EventCountry "GER"]
[SourceTitle "EXT 2018"]
[Source "ChessBase"]
[SourceDate "2017.10.13"]
[SourceVersion "1"]
[SourceVersionDate "2017.10.13"]
[SourceQuality "1"]

1. d4 d5 2. Nf3 c5 3. e3 cxd4 4. exd4 Nf6 5. Bd3 Bg4 6. Nbd2 Nc6 7. c3 e6 8. 0-0 Bd6 9. Re1 Qc7 10. Qa4 0-0 11. h3 Bh5 12. Qc2 Bxf3 13. Nxf3 Bf4 14. Bxf4 Qxf4 15. Ne5 g6 16. Re3 Qh6 17. Rae1 Rac8 18. Qe2 Rc7 19. Ng4 Qg7 20. Rf3 Nxg4 21. hxg4 Nd8 22. Rh3 f6 23. g3 Kf7 24. Kg2 Rh8 25. f4 Re7 26. f5 Ree8 27. Bb5 Re7 28. c4 Kf8 29. cxd5 exd5 30. Qxe7+ Qxe7 31. Rxe7 Kxe7 32. fxg6 Kf8 33. Rxh7 Rxh7 34. gxh7 Kg7 35. Bd3 Ne6 36. Kf3 Nxd4+ 37. Kf4 Nc6 38. g5 fxg5+ 39. Kxg5 Nb4 40. Bb1 d4 41. Kf4 d3 42. Ke3 Kxh7 43. Bxd3+ Kg7 44. a3 Nc6 45. Be4 Nd8 46. Kd4 Kf6 47. Kd5 Nc6 48. Kd6 Ne5 49. b3 b6 50. Kc7 Nf7 51. Bd5 Ne5 52. Kb7 Kg5 53. Kxa7 Kg4 54. Kxb6 1-0

[Event "Berlin-ch Seniors op 31st"]
[Site "Berlin"]
[Date "2015.02.02"]
[Round "4"]
[White "Bartonek, Rolf"]
[Black "Mellenthin, Horst"]
[Result "1/2-1/2"]
[WhiteElo "1490"]
[BlackElo "1719"]
[PlyCount "77"]
[EventDate "2015.01.29"]
[EventType "swiss"]
[EventRounds "9"]
[EventCountry "GER"]
[SourceTitle "EXT 2018"]
[Source "ChessBase"]
[SourceDate "2017.10.13"]
[SourceVersion "1"]
[SourceVersionDate "2017.10.13"]
[SourceQuality "1"]

1. e4 c6 2. d4 d5 3. e5 Bf5 4. Bd3 Bxd3 5. Qxd3 e6 6. Ne2 Nd7 7. Nd2 c5 8. c3 cxd4 9. cxd4 Ne7 10. 0-0 Nc6 11. a3 Be7 12. b4 0-0 13. f4 Qb6 14. Kh1 f5 15. Nb3 a5 16. b5 Na7 17. a4 Bb4 18. Bd2 Bxd2 19. Qxd2 Nc8 20. Rac1 Ne7 21. Rc3 Rfc8 22. Rfc1 Rxc3 23. Qxc3 Qd8 24. Qc7 b6 25. Qxd8+ Rxd8 26. Rc7 Kf7 27. g3 Ke8 28. Kg2 Rc8 29. Rxc8+ Nxc8 30. h3 Ne7 31. Kf3 h5 32. g4 hxg4+ 33. hxg4 g6 34. Kg3 Kf7 35. Kh4 Kg7 36. Kg5 Nf8 37. Ng3 Nh7+ 38. Kh4 Kf7 39. gxf5 1/2-1/2

[Event "Berlin-ch Seniors op 31st"]
[Site "Berlin"]
[Date "2015.01.30"]
[Round "2"]
[White "Bartonek, Rolf"]
[Black "Baranowsky, Peter"]
[Result "0-1"]
[WhiteElo "1490"]
[BlackElo "1876"]
[PlyCount "76"]
[EventDate "2015.01.29"]
[EventType "swiss"]
[EventRounds "9"]
[EventCountry "GER"]
[SourceTitle "EXT 2018"]
[Source "ChessBase"]
[SourceDate "2017.10.13"]
[SourceVersion "1"]
[SourceVersionDate "2017.10.13"]
[SourceQuality "1"]

1. e4 c5 2. Nf3 e6 3. d4 cxd4 4. Nxd4 a6 5. Be3 Qc7 6. Be2 Nf6 7. Nd2 d6 8. 0-0 Be7 9. Qe1 d5 10. Bf3 e5 11. N4b3 d4 12. Bg5 Be6 13. Rc1 Nc6 14. Bxf6 Bxf6 15. a3 Qb6 16. Be2 Bg5 17. Rd1 0-0 18. Nc4 Qc7 19. Bd3 a5 20. a4 Nb4 21. Na3 b6 22. Qe2 Rac8 23. Nb5 Qe7 24. Na1 g6 25. f3 Rc6 26. Kh1 Rfc8 27. Na3 Bh6 28. Bb5 R6c7 29. Bd3 Bg5 30. Nb5 Rc5 31. Na3 h5 32. Nb3 R5c6 33. Na1 h4 34. h3 Bf4 35. Bb5 Rc5 36. Nb3 Bxb3 37. cxb3 Rc2 38. Nxc2 Rxc2 0-1

[Event "Berlin-ch Seniors op 31st"]
[Site "Berlin"]
[Date "2015.01.29"]
[Round "1"]
[White "Hohn, August"]
[Black "Bartonek, Rolf"]
[Result "1/2-1/2"]
[WhiteElo "1842"]
[BlackElo "1490"]
[PlyCount "78"]
[EventDate "2015.01.29"]
[EventType "swiss"]
[EventRounds "9"]
[EventCountry "GER"]
[SourceTitle "EXT 2018"]
[Source "ChessBase"]
[SourceDate "2017.10.13"]
[SourceVersion "1"]
[SourceVersionDate "2017.10.13"]
[SourceQuality "1"]

1. c4 c6 2. d4 d5 3. Nf3 Bf5 4. Nc3 e6 5. e3 Nf6 6. Bd3 dxc4 7. Bxf5 exf5 8. Ne5 Be7 9. Nxc4 Nd5 10. Bd2 Bf6 11. 0-0 0-0 12. Qf3 Nxc3 13. Bxc3 g6 14. Rfd1 Qd5 15. Qe2 Na6 16. Rac1 Rad8 17. b4 Rfe8 18. g3 Re7 19. Na5 Nb8 20. Nb3 b6 21. Qc2 Rde8 22. Qd3 h5 23. Nd2 h4 24. Qc4 Rc7 25. Qxd5 cxd5 26. Bb2 Rec8 27. Kf1 hxg3 28. hxg3 Be7 29. a3 Nd7 30. Ke2 Nf6 31. Kd3 Ng4 32. Ke2 Kg7 33. Rxc7 Rxc7 34. Rc1 Rxc1 35. Bxc1 Nf6 36. Bb2 Ne4 37. Nf1 Bd6 38. Kf3 Ng5+ 39. Kg2 Kf8 1/2-1/2